00498 2200169 4500245004100000020002200041250001100063100002000074700002100094650001100115005001900126260007600145041001400221084000800235300007600243336000900319 aGadis RempahcMushrifah MedkomhText a978-623-118-030-8 aCet. 1 aMusrifah Medkom aAhmad Saba Dunya aRempah a20240902092613 aJakartabKementerian Pendidikan, Kebudayaan, Riset, dan Teknologic2023 aIndonesia a813 aNoto Serif 9/14 pt., Steve Matteson vi, 186 hlm. :b13,5 cm × 20 cm. ; atext